01145nam a2200289 a 4500001001200000003000800012006001900020007001500039008004100054020003000095020002500125020002700150040002100177035002100198050002200219100002200241245010200263260002900365300005300394504005100447533015200498650001600650655002900666710001700695856012600712999001700838ebr10720224CaPaEBRm o u cr cn|||||||||130622s2013 enkaf sb 001 0 eng d z9781844655366 (hardcover) z9781844655373 (pbk.) z9781844655380 (e-book) aCaPaEBRcCaPaEBR a(OCoLC)84978709114aBH39b.M38 2013eb1 aMatravers, Derek.10aIntroducing philosophy of arth[electronic resource] :bin eight case studies /cDerek Matravers. aDurham :bAcumen,c2013. aix, 165 p., [7] p. of plates :bill. (some col.) aIncludes bibliographical references and index. aElectronic reproduction.bPalo Alto, Calif. :cebrary,d2013.nAvailable via World Wide Web.nAccess may be limited to ebrary affiliated libraries. 0aAesthetics. 7aElectronic books.2local2 aebrary, Inc.40uhttp://site.ebrary.com/lib/rucke/Doc?id=10720224zAn electronic book accessible through the World Wide Web; click to view c39349d39349